Make a correct Manchester United Starting 11 - Statistics

General Stats
  • This quiz has been taken 1,357 times
  • The average score is 7 of 11
Answer Stats
Hint Answer % Correct
Spanish De Gea
99%
Ecuadorian Valencia
92%
Spanish Mata
78%
Argentinian Rojo
77%
English Rooney
76%
English Smalling
68%
English Shaw
67%
German Schweinsteiger
60%
Dutch Depay
50%
English Young
34%
Spanish Ander Hererra
4%
No matching quizzes found
Score Distribution
Percent of People with Each Score
Percentile by Number Answered
Your Score History
You have not taken this quiz